| 000 | 01888nam a22004337i 4500 | ||
|---|---|---|---|
| 999 |
_c23408 _d23408 |
||
| 003 | AR-CdUCM | ||
| 008 | 251128b20242024pe ||||| |||| 00| 0 pe d | ||
| 020 | _a978-612-4121-64-7 | ||
| 040 |
_aMUNICIPALIDAD PROVINCIAL DEL CUSCO _cBIBLIOTECA MUNICIPAL DEL CUSCO |
||
| 041 | _hspa | ||
| 082 |
_aBol.IA / _b N° 23 |
||
| 100 |
_aNieto Degregori, Luis. _96534 |
||
| 110 |
_aCentro Bartolomé de las Casas _951923 |
||
| 245 |
_aSur Boletín Informativo Agrario (1978-1989) : _bOrganización y Lucha Campesina en el Sur Andino / |
||
| 260 |
_aCusco _bCentro Bartolomé de las Casas. _c2024 |
||
| 300 |
_a 309 Páginas. : _c24 x 18 cm. |
||
| 505 | _aCapítulo I: Editoriales -- Capítulo II: Artículos -- Capítulo III: Testimonios -- Colofón.... | ||
| 650 |
_aConfederacion Campesina del Perú _951624 |
||
| 650 |
_aEn defensa de las comunidades _951625 |
||
| 650 |
_aLucha popular _951626 |
||
| 650 |
_aLa corrupción y arbitrariedad _951627 |
||
| 650 |
_aPolítica sectorial del gobierno _951628 |
||
| 650 |
_aUchuraccay ante Sendero Luminoso _951629 |
||
| 650 |
_aMovilización campesina _951630 |
||
| 650 |
_aLey de comunidades campesinas _951631 |
||
| 650 |
_aLa lucha por la tierra continúan _951632 |
||
| 650 |
_aEntretelones de la liquidación de una empresa _951633 |
||
| 650 |
_aEconomía campesina y reestructuración _951634 |
||
| 650 |
_aEl tiempo de la hacienda no volverá _951635 |
||
| 650 |
_aEl aeropuerto internacional y del problema de la tierra _951636 |
||
| 650 |
_aClases sociales y violencia en los Andes _951637 |
||
| 650 |
_aProblemática de las comunidades nativas _951638 |
||
| 650 |
_aCampesinos en el Perú contemporáneo _951639 |
||
| 650 |
_aLa civilización a través de la barbarie _951640 |
||
| 650 |
_a"Desde el dolor y la esperanza" _951641 |
||
| 856 | _fwww.cbc.org.pe | ||
| 942 |
_2ddc _cLIBROS |
||
| 945 |
_ajmcs _d27/11/2025 |
||